000 00477nam a2200217Ia 4500
003 0100
008 130303s9999 xx 000 0 und d
020 _a687343704
040 _cARRUPELIB
050 _aBS1505.2.W37
100 _aWard, James M
245 4 _aThe prophets
260 _aNashville
260 _bAbington Press
260 _C1982
300 _a159p.
300 _b 20cm.
650 _bAnalytical Psychology
700 _aJames M. Ward
942 0 0 _05
999 _c12123
_d12123